00693nam a22002417a 4500003000500000005001700005008004100022010001000063011001000073035001000083040000900093082001500102100002300117245006400140260003000204300002900234490003200263650002700295650002600322650003100348700004000379830003200419CHAP20220329135603.0971013s1970 r 00010 d a38902 a39874 a43999 cCHAP a664.85bM600aMolinas Ferrer, M. aFrigoconservación y manejob: frutas, flores y hortalizas aBarcelona :bAedos,c1970 a278 p.b: ilus. ; láms aBiblioteca agrícola Aedos14aFrutaxPreservación.14aLegumbres congeladas.14aLegumbresxPreservación.0 aDurán Torrallardona, Sebastián.0 aBiblioteca agrícola Aedos